Flushed Away - Character Quiz - Statistics

General Stats
  • This quiz has been taken 88 times
  • The average score is 9 of 16
Answer Stats
Picture Answer % Correct
Roddy
97%
Rita
85%
Sid
80%
Le Frog
77%
Spike
66%
Toad
64%
Whitey
64%
Prince Charles
62%
Shocky
57%
Slug
52%
Tabitha
51%
Rita's Grandma
38%
Rita's Mum
31%
Goldfish
25%
Liam
20%
Fergus
18%
No matching quizzes found
Score Distribution
Percent of People with Each Score
Percentile by Number Answered
Your Score History
You have not taken this quiz